| 000 | 00764nam a2200253Ia 4500 | ||
|---|---|---|---|
| 003 | OSt | ||
| 005 | 20220926020845.0 | ||
| 006 | a|||||r|||| 00| 0 | ||
| 007 | ta | ||
| 008 | 220923b |||||||| |||| 00| 0 eng d | ||
| 020 | _a0387242058 | ||
| 037 | _cGeneral Book | ||
| 040 |
_aRTL _cRTL _beng |
||
| 041 |
_2eng _aeng |
||
| 082 | _aX:77.49B.P, P4 | ||
| 100 |
_aWan Henry Y _9314173 |
||
| 245 | 0 |
_aEconomic development in a globalized environment _b East asia evidences |
|
| 260 |
_aNew York _bSpringer Science _c2004 |
||
| 300 |
_axix,392p. _ccm. |
||
| 500 | _aBibliography: P 361-72; Appendix: P 353-60 | ||
| 650 |
_aEconomic Development _917300 |
||
| 942 |
_hX:77.49B.P, P4 _cGB _2CC |
||
| 999 |
_c635115 _d635115 |
||